| 000 | 00644nab a2200217 a 4500 | ||
|---|---|---|---|
| 005 | 20210219155350.0 | ||
| 008 | 991125s1985 mx 000 0 spa u | ||
| 035 | _aUPN01000143673 | ||
| 100 | 1 | _aLópez Justicia, María Dolores | |
| 222 | _aINFANCIA Y APRENDIZAJE = | ||
| 222 | _bJOURNAL FOR THE STUDY OF EDUCATION AND DEVELOPMENT | ||
| 245 | _a¿Son apropiadas todas las pruebas de valoración de la visión funcional? | ||
| 260 | _aMadrid, España | ||
| 300 | _a71-83 | ||
| 362 | 0 | _a2000 No. 92 | |
| 653 | 0 | _aNIÑOS | |
| 653 | 0 | _aVISION BAJA | |
| 653 | 0 | _aESPAÑA | |
| 700 | 1 | _aMartos, Francisco J., coaut. | |
| 905 | _aArticulo | ||
| 999 |
_c115820 _d115820 |
||